[Event "19th Czech Chladek & Tintera A Open"]
[Site "Pardubice CZE"]
[Date "2008.07.26"]
[Round "9"]
[White "Turov,M"]
[Black "Volosin,V"]
[Result "1/2-1/2"]
[WhiteElo "2584"]
[BlackElo "2278"]

1.d4 Nf6 2.c4 e6 3.Nc3 d5 4.Nf3 Be7 5.Bf4 O-O 6.e3 c5 7.dxc5 Bxc5 8.cxd5 exd5
9.Be2 Nc6 10.O-O Be6 11.Rc1 Be7 12.Ne5 Bd6 13.Nxc6 bxc6 14.Bxd6 Qxd6 15.Na4 Nd7
16.Qc2 Rfc8 17.Ba6 Rc7 18.Bd3 g6 19.Nc5 Nxc5 20.Qxc5 Qxc5 21.Rxc5 Rb8 22.b3 Rb6
23.Rfc1 Kf8 24.e4 dxe4 25.Bxe4 Bd7 26.R1c3 Ke7 27.a3 Kd6 28.b4 Rb5 29.Bd3 Rxc5
30.Rxc5 Be6 31.Be4 Bb3 32.f4 Ba4 33.Bd3 Rb7 34.Kf2 Bb5 35.Ke3 a6 36.Kd4 Bxd3
37.Kxd3 Rb5 38.Rxb5 axb5 39.Kd4 h5 40.g3 f6 41.h3 f5 42.h4 Kd7 43.Kd3  1/2-1/2

[Event "3rd Int Open"]
[Site "Edmonton CAN"]
[Date "2008.08.02"]
[Round "4"]
[White "Bluvshtein,M"]
[Black "Gerzhoy,L"]
[Result "1-0"]
[WhiteElo "2548"]
[BlackElo "2399"]

1.d4 d5 2.c4 e6 3.Nc3 Be7 4.Nf3 Nf6 5.Bf4 O-O 6.e3 Nbd7 7.cxd5 Nxd5 8.Bg3 c5
9.Bd3 cxd4 10.exd4 Qa5 11.O-O Nxc3 12.bxc3 Qxc3 13.Rc1 Qa5 14.Qc2 Nf6 15.Be5 b6
16.Bxf6 Bxf6 17.Bxh7+ Kh8 18.Be4 Ba6 19.Bxa8 Bxf1 20.Be4 Ba6 21.Qc7 Qa3 22.Rc2 Qe7
23.h3 Qxc7 24.Rxc7 Be2 25.Ne5 Bxe5 26.dxe5 a5 27.f4 b5 28.Kf2 Bc4 29.a4 g6
30.Bb7 Kg7 31.Ba6 Rd8 32.axb5 Bd3 33.Bc8 Bxb5 34.Bxe6 Be8 35.Bxf7 Bxf7 36.e6 Rf8
37.Ra7 Kg8 38.exf7+ Rxf7 39.Rxf7 Kxf7 40.Ke3 Ke6 41.g4 a4 42.Kd4 a3 43.Kc3 Kd5
44.h4 Ke4 45.h5  1-0

[Event "3rd Int Open"]
[Site "Edmonton CAN"]
[Date "2008.08.04"]
[Round "8"]
[White "Bluvshtein,M"]
[Black "Hungaski,R"]
[Result "1-0"]
[WhiteElo "2548"]
[BlackElo "2407"]

1.d4 d5 2.c4 e6 3.Nf3 Nf6 4.Nc3 Be7 5.Bf4 O-O 6.e3 c5 7.Be2 Nc6 8.O-O a6
9.cxd5 Nxd5 10.Nxd5 exd5 11.dxc5 Bxc5 12.Rc1 Ba7 13.Ne5 Nxe5 14.Bxe5 Be6
15.Bf3 Qa5 16.a3 Rac8 17.Qd3 Rc4 18.Rfd1 Qb5 19.Rxc4 dxc4 20.Qe4 Bb8 21.Bc3 b6
22.Bb4 Rc8 23.Qb7 h6 24.Bc3 a5 25.g3 Bc7 26.Be4 Qc5 27.Bc2 Rd8 28.Rxd8+ Bxd8
29.Bd4 Qd5 30.Qb8 Bh3 31.f3 f5 32.Kf2 Kh7 33.g4 h5 34.Bxf5+ Kh6 35.g5+  1-0

[Event "5th Open"]
[Site "Kalamaria GRE"]
[Date "2008.08.05"]
[Round "4"]
[White "Jankovic,A"]
[Black "Saravanan,V1"]
[Result "0-1"]
[WhiteElo "2532"]
[BlackElo "2405"]

1.d4 d5 2.c4 e6 3.Nf3 Nf6 4.Nc3 Be7 5.Bf4 O-O 6.e3 c5 7.dxc5 Bxc5 8.Qc2 Nc6
9.a3 Qa5 10.Nd2 Bb4 11.cxd5 exd5 12.Bd3 Nh5 13.Bg3 d4 14.Nb3 Bxc3+ 15.bxc3 Qxc3+
16.Qxc3 dxc3 17.Rc1 Nxg3 18.hxg3 h6 19.Rxc3 Be6 20.Nc5 Ne5 21.Be4 Rac8 22.Rh5 f5
23.Bb1 Rf7 24.f4 Ng4 25.Kd2 Rfc7 26.Bxf5 Bxf5 27.Rxf5 g6 28.Rd5 Nf6 29.Rd6 Rxc5
30.Rxc5 Ne4+ 31.Kd3 Nxd6 32.Rd5 Rd8  0-1

[Event "17th Open"]
[Site "Kavala GRE"]
[Date "2008.08.05"]
[Round "7"]
[White "Graf,A"]
[Black "David,Alb"]
[Result "1/2-1/2"]
[WhiteElo "2621"]
[BlackElo "2568"]

1.d4 Nf6 2.c4 e6 3.Nf3 d5 4.Nc3 Be7 5.Bf4 O-O 6.e3 Nbd7 7.c5 c6 8.Bd3 b6
9.b4 a5 10.a3 Ba6 11.O-O Qc8 12.Rc1 Bxd3 13.Qxd3 Qb7 14.Qc2 Rfc8 15.Rb1 axb4
16.axb4 Bd8 17.Ne1 Bc7 18.Nd3 b5 19.Ra1 Ra7 20.Qb2 Rca8 21.f3 Bxf4 22.exf4 Rxa1
23.Rxa1 Rxa1+ 24.Qxa1 Ne8 25.Qa5 f6 26.Ne2 Kf7 27.Nec1 Nb8 28.Qa2 Qa6 29.Qb2 Qa4
30.Kf2 Na6 31.Ne2 Nb8 32.Ne1 Nd7 33.Nc2 Qa7 34.Nc1 Qc7 35.Nd3 g5 36.fxg5 Qxh2
37.gxf6 Qh4+ 38.Ke2 Nexf6 39.Qa1 Qh2 40.Nce1 Qc7 41.Ne5+ Nxe5 42.dxe5 Nh5
43.Nd3 Qe7 44.g4 Ng3+ 45.Kd1 h5 46.Qd4 Qh4 47.Qf4+ Ke7 48.gxh5 Qh1+ 49.Kc2 Nf5
50.Qg5+ Kd7 51.Qg6 Qxf3 52.Qf7+ Kd8 53.Qf8+ Kc7 54.Qf7+ Kb8 55.Qe8+ Kc7  1/2-1/2

[Event "95th ch-GBR"]
[Site "Liverpool ENG"]
[Date "2008.08.05"]
[Round "8"]
[White "Cox,Tr"]
[Black "McCullough,S"]
[Result "1-0"]
[WhiteElo "2144"]
[BlackElo "1910"]

1.Nf3 Nf6 2.c4 e6 3.Nc3 d5 4.d4 Be7 5.Bf4 O-O 6.e3 Nbd7 7.Rc1 c5 8.dxc5 Nxc5
9.cxd5 exd5 10.Be2 Qb6 11.Be5 Be6 12.O-O Rad8 13.Nb5 Na6 14.Bd4 Bc5 15.Rxc5 Nxc5
16.b4 Nfd7 17.bxc5 Qa5 18.Bc3 Qxa2 19.Qd4 Nf6 20.Bd3  1-0

[Event "Najdorf Memorial Open"]
[Site "Warsaw POL"]
[Date "2008.08.06"]
[Round "5"]
[White "Alvarado,C"]
[Black "Skwarczylo,M"]
[Result "1-0"]
[WhiteElo "2184"]
[BlackElo "2024"]

1.d4 Nf6 2.Nf3 d5 3.c4 e6 4.Nc3 Be7 5.Bf4 c6 6.e3 O-O 7.c5 Nbd7 8.Bd3 Re8
9.O-O Nf8 10.b4 a6 11.Na4 N6d7 12.Qc2 Ng6 13.Bg3 f5 14.Ne5 Ngxe5 15.Bxe5 Bf6
16.f4 Qe7 17.g4 g6 18.Bd6 Qf7 19.g5 Bg7 20.Kh1 Bf8 21.Be5 Bg7 22.Nc3 Bxe5
23.dxe5 h6 24.gxh6 Qh7 25.Rg1 Kf7 26.Rg5 Rg8 27.Rag1 Nf8 28.Qg2 Qxh6 29.Rg3 Rh8
30.Ne2 Bd7 31.Nd4 Be8 32.Nf3 Ke7 33.a4 Rc8 34.Bf1 Rc7 35.Rh3 Qg7 36.Qg5+ Kd7
37.Rxh8 Qxh8 38.b5 axb5 39.axb5 Kc8 40.b6 Rh7 41.Rg2 Rd7 42.Ra2 Kb8 43.Qg2 Rh7
44.Ng5 Re7 45.Ra8+  1-0

[Event "Najdorf Memorial Open"]
[Site "Warsaw POL"]
[Date "2008.08.09"]
[Round "8"]
[White "Savchenko,S"]
[Black "Tvarijonas,P"]
[Result "1-0"]
[WhiteElo "2557"]
[BlackElo "2285"]

1.d4 d5 2.c4 e6 3.Nf3 Nf6 4.Nc3 Be7 5.Bf4 O-O 6.e3 Nh5 7.Bg3 h6 8.Qc2 Nxg3
9.hxg3 c6 10.a3 Qa5 11.Rd1 Nd7 12.Bd3 dxc4 13.Bxc4 c5 14.Ba2 cxd4 15.exd4 Nf6
16.O-O Qc7 17.Bb1 Kh8 18.Ne5 b6 19.Rfe1 Bb7 20.Ng4 g6 21.Nxh6 Bd6 22.Qe2 Qc6
23.d5 exd5 24.Qf3 Kg7 25.Nf5+ gxf5 26.Qxf5 Bc5 27.Qg5+ Kh8 28.Qh6+ Kg8 29.Qg5+ Kh8
30.Nxd5 Ng8 31.Re4 Bxf2+ 32.Kxf2 Qc5+ 33.Rdd4  1-0

[Event "Open"]
[Site "Stare Mesto CZE"]
[Date "2008.08.10"]
[Round "4"]
[White "Pilch,R"]
[Black "Sudrich,R"]
[Result "1/2-1/2"]
[WhiteElo "1978"]
[BlackElo "2159"]

1.d4 d5 2.c4 e6 3.Nf3 Nf6 4.Nc3 Be7 5.Bf4 c6 6.e3 O-O 7.Bd3 Nbd7 8.e4 dxe4
9.Nxe4 Nxe4 10.Bxe4 Nf6 11.Bc2 c5 12.O-O cxd4 13.Nxd4 Bd6 14.Nxe6 Bxe6 15.Bxd6 Bxc4
16.Bxf8 Bxf1 17.Bxg7 Kxg7 18.Kxf1 Qb6 19.Bb3 Rd8 20.Qe2 Rd4 21.Re1 Rf4 22.Qe3  1/2-1/2

[Event "ch-Euro Seniors"]
[Site "Davos SUI"]
[Date "2008.08.11"]
[Round "3"]
[White "Kulago,A"]
[Black "Hicker,H"]
[Result "1-0"]
[WhiteElo "2305"]
[BlackElo "2099"]

1.Nf3 Nf6 2.d4 d5 3.c4 e6 4.Nc3 Be7 5.Bf4 O-O 6.e3 a6 7.c5 Nc6 8.a3 Nh5 9.Bd3 Nxf4
10.exf4 Bf6 11.Ne2 a5 12.O-O Bd7 13.Ne5 Bxe5 14.fxe5 f6 15.f4 fxe5 16.dxe5 Qe7
17.Rc1 b6 18.cxb6 cxb6 19.Qb3 Rab8 20.Rf3 g6 21.Rg3 Rfc8 22.Rf1 Qc5+ 23.Kh1 Nd4
24.Nxd4 Qxd4 25.Bxg6 hxg6 26.Rxg6+ Kf7 27.Qg3 Rf8 28.Rf6+ Ke8 29.Qg6+  1-0

[Event "U16 Olympiad"]
[Site "Mersin TUR"]
[Date "2008.08.18"]
[Round "3"]
[White "Balokas,D"]
[Black "Iljiushenok,I"]
[Result "0-1"]
[WhiteElo "1665"]
[BlackElo "2315"]

1.d4 Nf6 2.Nf3 d5 3.c4 e6 4.Nc3 Be7 5.Bf4 O-O 6.e3 b6 7.cxd5 exd5 8.Bd3 Bb7
9.Ne5 c5 10.O-O Nc6 11.Nxc6 Bxc6 12.Rc1 Re8 13.Bb5 Qd7 14.Bxc6 Qxc6 15.dxc5 bxc5
16.Bg5 Rad8 17.Bxf6 Bxf6 18.Na4 d4 19.Rxc5 Qa6 20.e4 Rxe4 21.Rc7 Re7 22.Rxe7 Bxe7
23.Re1 Bb4 24.Re4 Qc6 25.Re2 d3 26.Re3 Qc2 27.Nc3 Bxc3  0-1

[Event "8th Abierto Invierno"]
[Site "Villa Ballester ARG"]
[Date "2008.08.18"]
[Round "3"]
[White "Gibson,T"]
[Black "Bronstein,L"]
[Result "1/2-1/2"]
[WhiteElo "2237"]
[BlackElo "2383"]

1.d4 Nf6 2.c4 e6 3.Nf3 d5 4.Nc3 Be7 5.Bf4 O-O 6.e3 c5 7.dxc5 Bxc5 8.cxd5 Nxd5
9.Nxd5 exd5 10.a3 Nc6 11.Bd3 Bd6 12.Bxd6 Qxd6 13.O-O Qf6 14.Qc2 Bg4 15.Nd2 h6
16.h3 Be6 17.f4 Rac8 18.f5 Bd7 19.Qb3 Ne5 20.Rab1 Bc6 21.Rf4 Rfe8 22.Nf3 Nxf3+
23.Rxf3 d4 24.e4 Rxe4 25.Bxe4 Bxe4 26.Rd1 Bxf3 27.Qxf3 b6 28.Qf4 Rd8 29.Rd3 Rd5
30.Qe4 Qxf5 31.Qxf5 Rxf5 32.Rxd4 g6 33.b4 Kg7 34.Rd7 a5 35.Rb7 axb4 36.Rxb6 bxa3
37.Ra6 h5 38.Rxa3 h4 39.Ra4 g5 40.Ra6 Rf6 41.Ra5 Kg6 42.Rb5 Rd6 43.Kf2 Rf6+
44.Kg1 Rf5 45.Rb6+ f6 46.Rb7 Ra5 47.Kf2 Kf5 48.Rb4 Ke5 49.Rg4 Ra2+ 50.Kf3 Rd2
51.Ra4 Rd3+ 52.Kf2 Rd4 53.Ra3 f5 54.Kf3 Rf4+ 55.Ke3 Re4+ 56.Kf2 g4 57.hxg4 fxg4
58.Ra8 Rb4 59.Re8+ Kf6 60.Rh8 Rb2+ 61.Kf1 Kg5 62.Rc8 Kf4 63.Rc3 Rb4 64.Ra3 Re4
65.Kf2 g3+ 66.Kf1 Rb4 67.Ra1 Kg4 68.Kg1 h3 69.Rc1 hxg2 70.Kxg2 Rb2+ 71.Kg1 Kh3
72.Ra1 Rg2+ 73.Kh1 Rh2+ 74.Kg1  1/2-1/2

[Event "XXV Open"]
[Site "Collado Villalba ESP"]
[Date "2008.08.23"]
[Round "2"]
[White "Pogorelov,R"]
[Black "Pastor Alonso de Prado,E"]
[Result "1-0"]
[WhiteElo "2459"]
[BlackElo "2138"]

1.Nf3 d5 2.d4 Nf6 3.c4 e6 4.Nc3 Be7 5.Bf4 c5 6.dxc5 Qa5 7.cxd5 Nxd5 8.Bd2 Qxc5
9.e4 Nxc3 10.Bxc3 O-O 11.Bd3 Nc6 12.a3 e5 13.Rc1 Qd6 14.O-O Rd8 15.Bc4 Qf6
16.Qb3 Bc5 17.Bd5 Bd4 18.Bxd4 exd4 19.Rfe1 Ne7 20.e5 Qg6 21.Be4 Qh5 22.Qd3 Bf5
23.Bxf5 Nxf5 24.Rc7 Rab8 25.Qe4 Qg6 26.Rxb7 Rbc8 27.g4 Nh4 28.Nxh4 Qxe4 29.Rxe4 Rc1+
30.Kg2 d3 31.Nf3 h6 32.Rf4  1-0

[Event "X Sants Open"]
[Site "Barcelona ESP"]
[Date "2008.08.25"]
[Round "4"]
[White "Sumets,A"]
[Black "Giffard,N"]
[Result "1-0"]
[WhiteElo "2534"]
[BlackElo "2379"]

1.d4 Nf6 2.c4 e6 3.Nf3 d5 4.Nc3 Be7 5.Bf4 O-O 6.e3 c6 7.Qc2 Nbd7 8.Rd1 b6
9.Bd3 Bb7 10.O-O Qc8 11.cxd5 exd5 12.Ne5 g6 13.Rc1 Nxe5 14.Bxe5 Nd7 15.Bf4 c5
16.dxc5 bxc5 17.Rfd1 Rd8 18.Nb5 c4 19.Be2 Qc5 20.Nd4 Rac8 21.Bg4 Qb6 22.h3 Rc5
23.Ne2 Rb5 24.Rb1 Nc5 25.Nc3 Ra5 26.Be5 Nd3 27.Bd4 Qd6 28.b4 Nxb4 29.Rxb4 Qxb4
30.Rb1 Qd6 31.Rxb7 Bf6 32.Qd2 Bxd4 33.Qxd4 Qa6 34.Rb1 Qd6 35.Rd1 Qc5 36.Qf6 Qd6
37.Qd4 Qc5 38.Qxc5 Rxc5 39.Bf3 Ra5 40.Bxd5 Kf8 41.e4 Ra3 42.Rc1 Rc8 43.Rc2 a6
44.f4 Rc5 45.Kf2 f5 46.Ke3 fxe4 47.Kd4 Rc8 48.Bxe4 Ra5 49.a4 Kg7 50.Rb2 Rc7
51.Rb6 Rd7+ 52.Bd5 Rc7 53.g4 Kf8 54.Rb8+ Ke7 55.Rh8  1-0

[Event "TCh-MNE Premier"]
[Site "Herceg Novi MNE"]
[Date "2008.08.25"]
[Round "1"]
[White "Milanovic,Sla"]
[Black "Krivokapic,M"]
[Result "1-0"]
[WhiteElo "2340"]
[BlackElo "2421"]

1.c4 e6 2.Nf3 d5 3.d4 Nf6 4.Nc3 Be7 5.Bf4 O-O 6.e3 Nbd7 7.h3 dxc4 8.Bxc4 a6
9.a3 b5 10.Ba2 Bb7 11.O-O c5 12.d5 Qb6 13.e4 exd5 14.e5 d4 15.exf6 Nxf6 16.Nb1 Rad8
17.Re1 Rfe8 18.Nbd2 c4 19.Rc1 Bc5 20.Rxe8+ Rxe8 21.b4 Bd6 22.Bxd6 Qxd6 23.Nxc4 bxc4
24.Qxd4 Qb8 25.Nh2 Re4 26.Qc5 Nd7 27.Qf5 Ne5 28.Nf1 Qd6 29.Ne3 g6 30.Qg5 f6
31.Qg3 Qc6 32.Rc3 Kf7 33.f3 Rd4 34.f4 Rd2 35.fxe5 Rxa2 36.Rxc4 Qb6 37.Rc7+ Kg8
38.Rc5 Rxa3 39.exf6 Qxb4 40.Qc7  1-0

[Event "2nd Open"]
[Site "Urumia IRI"]
[Date "2008.08.30"]
[Round "8"]
[White "Ibrahimov,R"]
[Black "Ghane,S"]
[Result "1-0"]
[WhiteElo "2537"]
[BlackElo "2415"]

1.Nf3 e6 2.c4 Nf6 3.Nc3 d5 4.d4 Be7 5.Bf4 O-O 6.e3 Nbd7 7.a3 a6 8.c5 Nh5
9.Bd3 Nxf4 10.exf4 Re8 11.Qc2 Nf8 12.O-O Bd7 13.b4 Qb8 14.Ne5 Rd8 15.f5 c6
16.Rae1 Bf6 17.fxe6 Bxe6 18.f4 Qc7 19.Nb1 Re8 20.Nd2 Rad8 21.Ndf3 Qc8 22.h3 Be7
23.Ng5 Bxg5 24.fxg5 Ng6 25.Nxg6 hxg6 26.Bxg6 fxg6 27.Qxg6 Qd7 28.Qh5 Bf7
29.g6 Bxg6 30.Qxg6 Re4 31.Rxe4 dxe4 32.Qxe4 Qxd4+ 33.Qxd4 Rxd4 34.Rf3 a5
35.Rb3 axb4 36.Rxb4 Rd3 37.Rxb7 Rc3 38.a4 Rxc5 39.Rb1 Kf7 40.Ra1 Ra5 41.Kf2 Ke6
42.Ke3 Kd5 43.Kd3 Ra7 44.h4 Ra5 45.g3 Ra6 46.a5 Kc5 47.Kc3 g6 48.g4 Kb5 49.Kd4 c5+
50.Kd5 Kb4 51.Rb1+ Ka4 52.Kxc5  1-0

[Event "16th Nikea Open"]
[Site "Athens GRE"]
[Date "2008.08.31"]
[Round "8"]
[White "Enchev,I"]
[Black "Dobrev,Nan"]
[Result "1/2-1/2"]
[WhiteElo "2367"]
[BlackElo "2423"]

1.d4 d5 2.c4 e6 3.Nc3 Be7 4.Nf3 Nf6 5.Bf4 a6 6.e3 O-O 7.Rc1 Nbd7 8.Qc2 c5
9.cxd5 Nxd5 10.Nxd5 exd5 11.dxc5 Qa5+ 12.Qc3 Qxa2 13.b4 Nf6 14.Qa1 Qb3 15.Rb1 Qc2
16.Nd4 Qg6 17.Rb3 Nh5 18.Bc7 Re8 19.Qb1 f5 20.Be2 Qxg2 21.Bf3 Qg6 22.Bxd5+ Kh8
23.Kf1 Nf6 24.Rg1 Qh5 25.Bf3 Qf7 26.Bf4 Nd5 27.Be5 Bf8 28.Bg3 f4 29.exf4 Nxf4
30.Bxf4 Qxf4 31.Ne2 Qf7 32.Rg3 Be6 33.Re3 Rad8 34.Qb2 a5 35.bxa5 Bd5 36.Bxd5 Qxd5
37.Ref3 Re5 38.Nf4 Re1+ 39.Kg2 Qd1 40.Nh3 Qa1 41.Qxa1 Rxa1 42.Ng5 Kg8 43.Rb3 Rd7
44.c6 bxc6 45.Rb8 Rxa5 46.Ne6 Rf5 47.Rc3 Rd6 48.Re3 Rf6 49.Nc5 Rd5 50.Ne6 Rdf5
51.f4 h6 52.Rc8 c5 53.Re4 Kh7 54.Rc7 Rg6+ 55.Kf3 Bd6 56.Rd7 Bb8 57.Rd8 Rxe6
58.Rxe6 Bxf4 59.Kg4 Rf7 60.h4 Bc1 61.Rc8 Rf4+ 62.Kg3 Rf5 63.Kg4 Rf4+ 64.Kg3 Rf5  1/2-1/2

[Event "7th Open"]
[Site "Izmir TUR"]
[Date "2008.08.31"]
[Round "2"]
[White "Esen,B"]
[Black "Alkan,S"]
[Result "1-0"]
[WhiteElo "2448"]
[BlackElo "1824"]

1.d4 d5 2.c4 e6 3.Nc3 Nf6 4.Nf3 Be7 5.Bf4 O-O 6.e3 Bd6 7.Bg5 h6 8.Bxf6 Qxf6
9.cxd5 exd5 10.Nxd5 Qg6 11.g3 c6 12.Nc3 Nd7 13.Bg2 Nf6 14.O-O Qh5 15.Ne5 Re8
16.Qxh5 Nxh5 17.Nc4 Bc7 18.d5 b5 19.d6 bxc4 20.dxc7 Bb7 21.Na4 Rac8 22.Rfc1 Rxc7
23.Rxc4 Nf6 24.Rd1 Rec8 25.Nc5 Ba8 26.b3 a5 27.Rcd4 Re7 28.Ra4 Ra7 29.b4 Nd5
30.Rxa5 Rxa5 31.bxa5 Nc3 32.Rd2 Rb8 33.Bf3 Rb5 34.Rd8+ Kh7 35.Ne4 Nxe4 36.Bxe4+ f5
37.Bxf5+ Rxf5 38.Rxa8 c5 39.Rc8 c4 40.Rxc4 Rxa5 41.a4  1-0

[Event "Open A"]
[Site "Graz SUI"]
[Date "2008.09.02"]
[Round "4"]
[White "Wiedermann,D"]
[Black "Neubauer,Ant"]
[Result "1-0"]
[WhiteElo "2156"]
[BlackElo "1997"]

1.d4 d5 2.c4 e6 3.Nc3 Nf6 4.Nf3 Be7 5.Bf4 a6 6.e3 Nbd7 7.Rc1 c6 8.c5 Nh5
9.Be5 Nxe5 10.Nxe5 g6 11.Bd3 Bf6 12.O-O O-O 13.f4 Bg7 14.g4 Nf6 15.g5 Nd7
16.Qg4 Qe7 17.Nd1 f5 18.gxf6 Qxf6 19.Nf3 e5 20.fxe5 Nxe5 21.dxe5 Qe7 22.Qh4 Qe6
23.Ng5 Qg4+ 24.Qxg4 Bxg4 25.Rxf8+ Rxf8 26.Nf2 Bf5 27.e4 dxe4 28.Bc4+ Kh8
29.Nf7+ Rxf7 30.Bxf7 Bxe5 31.Bc4 Bd4 32.Be2 h5 33.Kf1 Kg7 34.Nxe4 Bxe4 35.Rc4  1-0

[Event "Open A"]
[Site "Graz SUI"]
[Date "2008.09.03"]
[Round "5"]
[White "Pilaj,H"]
[Black "Stanec,N"]
[Result "0-1"]
[WhiteElo "2389"]
[BlackElo "2538"]

1.d4 Nf6 2.c4 e6 3.Nf3 d5 4.Nc3 Be7 5.Bf4 O-O 6.e3 b6 7.cxd5 Nxd5 8.Nxd5 exd5
9.Bd3 c5 10.O-O c4 11.Bc2 Nc6 12.b3 Ba6 13.bxc4 Bxc4 14.Bd3 Na5 15.Ne5 Bxd3
16.Nxd3 Rc8 17.Qa4 Rc3 18.Qb5 Qe8 19.Qxe8 Rxe8 20.Rfd1 Ba3 21.Bg3 Nc4 22.Rab1 a6
23.Bc7 Rc8 24.Bg3 Rc2 25.Ra1 b5 26.Nc5 a5 27.Rab1 Bxc5 28.dxc5 Rxc5 29.e4 Nd2
30.Bd6 Nxb1 31.Bxc5 Nc3  0-1

[Event "TCh-ESP Hon Gp1"]
[Site "Cala Mayor ESP"]
[Date "2008.09.04"]
[Round "2"]
[White "San Segundo Carrillo,P"]
[Black "Mascaro March,P"]
[Result "1-0"]
[WhiteElo "2560"]
[BlackElo "2367"]

1.d4 Nf6 2.c4 e6 3.Nc3 d5 4.Nf3 Be7 5.Bf4 O-O 6.e3 c5 7.dxc5 Qa5 8.Bd6 Bxd6
9.cxd6 Rd8 10.cxd5 exd5 11.Qd2 Nc6 12.Be2 Rxd6 13.O-O a6 14.Rfd1 Be6 15.Nd4 Nxd4
16.Qxd4 Rad8 17.a3 h6 18.h3 R8d7 19.Rac1 Qd8 20.Bf3 Rc6 21.Be2 Qa5 22.Qf4 Rdc7
23.Ra1 Qb6 24.Rd2 Rc8 25.Rad1 Qb3 26.Bd3 Rxc3 27.bxc3 Qxa3 28.Qb4 Rxc3 29.Qxb7 a5
30.Qb8+ Rc8 31.Qb2 Qe7 32.Ra1 Ra8 33.Qd4 Qc7 34.Rc2 Qd6 35.Rca2 Qc7 36.Rc2 Qd6
37.Qc5 Qxc5 38.Rxc5 a4 39.Bc2 Bd7 40.f3 Kf8 41.Rc3 Ne8 42.Rc5 Nf6 43.Rc3 Ne8
44.Rca3 Nd6 45.Bxa4 Nc4 46.R3a2 Bxa4 47.Rxa4 Rxa4 48.Rxa4 Nxe3 49.Rd4 Ke7
50.Kf2 Nf5 51.Rxd5 Ke6 52.Ra5 h5 53.g3 g6 54.f4 Kf6 55.Ra6+ Ke7 56.Kf3 Kd7
57.g4 hxg4+ 58.hxg4  1-0

[Event "61st ch-RUS HL"]
[Site "Novokuznetsk RUS"]
[Date "2008.09.05"]
[Round "3"]
[White "Malakhov,V"]
[Black "Riazantsev,A"]
[Result "0-1"]
[WhiteElo "2689"]
[BlackElo "2617"]

1.c4 e6 2.Nc3 d5 3.d4 Be7 4.Nf3 Nf6 5.Bf4 O-O 6.e3 Nbd7 7.a3 c5 8.cxd5 Nxd5
9.Nxd5 exd5 10.dxc5 Nxc5 11.Be2 Bf6 12.Be5 Bxe5 13.Nxe5 Ne6 14.O-O d4 15.Qd2 dxe3
16.Qxe3 Nd4 17.Bc4 Nc2 18.Qf3 Qc7 19.Rad1 Be6 20.Qe4 Rae8 21.Bb5 Re7 22.Nf3 g6
23.Qh4 Bf5 24.h3 h5 25.Qa4 Qb6 26.Kh1 Re4 27.Bc4 Qxb2 28.Ng5 b5 29.Qxb5 Qxb5
30.Bxb5 Re5 31.a4 Na3 32.f4 Rc5 33.Bd7 Nc4 34.Bxf5 Rxf5 35.Rd4 Nb6 36.Re1 Ra5
37.Ree4 Rc8 38.Re7 Rf8 39.Ree4 Rc8 40.Kh2 Rd5 41.Rxd5 Nxd5 42.Rd4 Nf6 43.a5 Kf8
44.Rb4 Rc7 45.Rb5 Ke7 46.Kg3 Nd7 47.Rb3 Rc5 48.Re3+ Kf8 49.Rd3 Nf6 50.Rd6 Rxg5+
51.Kf3 Rg3+  0-1

[Event "5th LGA Premium Cup"]
[Site "Nuernberg GER"]
[Date "2008.09.05"]
[Round "3"]
[White "Solonar,S"]
[Black "Baumann,Mat"]
[Result "1/2-1/2"]
[WhiteElo "2372"]
[BlackElo "2080"]

1.c4 e6 2.Nf3 Nf6 3.Nc3 d5 4.d4 Be7 5.Bf4 c6 6.e3 Qa5 7.Rc1 Ne4 8.a3 Nd7
9.Bd3 Ndf6 10.O-O O-O 11.Nd2 Nxd2 12.Qxd2 dxc4 13.Bxc4 Rd8 14.Rfd1 c5 15.Qe2 a6
16.dxc5 Rxd1+ 17.Qxd1 Qxc5 18.Na4 Qa7 19.Bb3 Bd7 20.Bd6 Bxa4 21.Bxe7 Bxb3
22.Qxb3 Nd5 23.Bh4 b5 24.e4 Nb6 25.f3 Rc8 26.Rxc8+ Nxc8+ 27.Bf2 Qd7 28.h3 h6
29.Qc3 Qd1+ 30.Kh2 Qd6+ 31.Bg3 Qd7 32.Qc5 f6 33.Bb8 e5 34.Bc7 Kf7 35.Ba5 Kg6
36.Bb4 Kh7 37.Kg3 Kg6 38.b3 Kf7 39.Qf8+ Kg6 40.Bc5 Kh7 41.h4 h5 42.Bb4 Nb6
43.Qb8 Qc6 44.Ba5 Nc8 45.Bc7 Ne7 46.Bb6 Qc1 47.Kh2  1/2-1/2

[Event "61st ch-RUS HL"]
[Site "Novokuznetsk RUS"]
[Date "2008.09.08"]
[Round "6"]
[White "Smirnov,Arte"]
[Black "Rustemov,A"]
[Result "1-0"]
[WhiteElo "2452"]
[BlackElo "2547"]

1.d4 d5 2.c4 e6 3.Nc3 Be7 4.Nf3 Nf6 5.Bf4 O-O 6.e3 c5 7.dxc5 Bxc5 8.a3 Nc6
9.Qc2 Qa5 10.Nd2 Bb4 11.cxd5 exd5 12.Bd3 d4 13.O-O Bxc3 14.Nc4 Qh5 15.bxc3 dxe3
16.Nxe3 Be6 17.Rab1 Rac8 18.Rxb7 Nd4 19.Qb2 Nd5 20.Nxd5 Bxd5 21.cxd4 Qg4
22.Bg3 Bxb7 23.Qxb7 Qxd4 24.Qb1 h6 25.Rd1 Qa4 26.Bb5 Qa5 27.Bd7 Rc4 28.Bd6 Ra8
29.h3 Qh5 30.Bg4 Qg5 31.f4 Qf6 32.Be5 Qe7 33.Qb5 Qc5+ 34.Qxc5 Rxc5 35.Rd7 f6
36.Bd6 Rc1+ 37.Kh2 a5 38.Bf3 Rac8 39.Ra7 Rd8 40.Be7 Rd4 41.f5  1-0

[Event "DMP Ekstraliga"]
[Site "Karpacz POL"]
[Date "2008.09.09"]
[Round "4"]
[White "Jaracz,P"]
[Black "Leniart,A"]
[Result "1/2-1/2"]
[WhiteElo "2501"]
[BlackElo "2391"]

1.d4 Nf6 2.c4 e6 3.Nf3 d5 4.Nc3 Be7 5.Bf4 O-O 6.e3 c5 7.dxc5 Bxc5 8.Qc2 Nc6
9.Rd1 Qa5 10.a3 Be7 11.Be2 dxc4 12.Bxc4 e5 13.Bg3 Bg4 14.O-O Bxf3 15.gxf3 Rac8
16.Rc1 a6 17.Ba2 g6 18.Rfd1 Kg7 19.Qb3 Qc7 20.f4 Bd6 21.Bh4 Nh5 22.f5 e4
23.f6+ Kh8 24.Nxe4 Bxh2+ 25.Kg2 h6 26.Rh1 Qd7 27.Rxh2 Qg4+ 28.Ng3 Ne5 29.Rxc8 Qf3+
30.Kh3 Qg4+ 31.Kg2 Qf3+ 32.Kh3 Qg4+  1/2-1/2

[Event "61st ch-RUS HL"]
[Site "Novokuznetsk RUS"]
[Date "2008.09.11"]
[Round "8"]
[White "Tregubov,P"]
[Black "Kornev,Alexei"]
[Result "1/2-1/2"]
[WhiteElo "2658"]
[BlackElo "2523"]

1.d4 Nf6 2.c4 e6 3.Nf3 d5 4.Nc3 Be7 5.Bf4 O-O 6.e3 Nbd7 7.Be2 dxc4 8.Bxc4 c5
9.O-O a6 10.dxc5 Bxc5 11.Qe2 b5 12.Bd3 Bb7 13.Rfd1 Qe7 14.Bg5 h6 15.Bh4 Rad8
16.e4 e5 17.a4 b4 18.Nd5 Bxd5 19.exd5 e4 20.Bc4 exf3 21.Qxe7 Bxe7 22.d6 Bxd6
23.Rxd6 Nc5 24.Rad1 Rxd6 25.Rxd6 Nfe4 26.Rc6 Nxa4 27.b3 Nac3 28.gxf3 Nd2
29.Be7 Rb8 30.Bd6 Rd8 31.Bxb4 Nxf3+ 32.Kg2 Ne5 33.Rxa6 Nxc4 34.bxc4 Ne4 35.f3 Ng5
36.Bd6 Ne6 37.c5 g5 38.Kf2 Kh7 39.Ke3 Rd7 40.Ke4 Rb7 41.Ra4 Rb1 42.Rc4 Kg6
43.Rc3 Rd1 44.Bb8 Rb1 45.Bg3 Rb4+ 46.Kd5 Rd4+ 47.Kc6 Rd2 48.Bd6 Rf2 49.Kd7 Nxc5+
50.Rxc5 Rxf3 51.Rc6 f6 52.Ke8 Rf2 53.Be5 Rf5 54.Bd4 Rf4 55.Rd6 h5 56.Ke7 Re4+
57.Kf8 Rf4 58.Be5 Rf5 59.Bc3 Rf3 60.Bd4 Rf4 61.Ke7 Re4+ 62.Kf8  1/2-1/2

[Event "IV Geller Memorial"]
[Site "Odessa UKR"]
[Date "2008.09.11"]
[Round "3"]
[White "Mamedov,A"]
[Black "Sodol,G"]
[Result "1-0"]
[WhiteElo "2094"]
[BlackElo "2378"]

1.d4 d5 2.Nf3 Nf6 3.c4 e6 4.Nc3 Be7 5.Bf4 O-O 6.e3 c5 7.dxc5 Bxc5 8.Be2 Ne4
9.Qc2 Nxc3 10.Qxc3 Nc6 11.O-O d4 12.exd4 Nxd4 13.Nxd4 Bxd4 14.Qg3 Bxb2 15.Rab1 Bf6
16.Bf3 Qa5 17.c5 Qxa2 18.c6 bxc6 19.Be5 Bxe5 20.Qxe5 Bd7 21.Qc7 Rfd8 22.Rbd1  1-0

[Event "VII Open"]
[Site "Bergamo ITA"]
[Date "2008.09.12"]
[Round "2"]
[White "Sumets,A"]
[Black "Maccarini,L"]
[Result "1-0"]
[WhiteElo "2534"]
[BlackElo "1920"]

1.d4 d5 2.c4 e6 3.Nf3 Nf6 4.Nc3 Be7 5.Bf4 c6 6.e3 O-O 7.Qc2 Nbd7 8.h3 Re8
9.Be2 Nf8 10.O-O Ng6 11.Bg3 Bd6 12.Bxd6 Qxd6 13.Rfd1 Qe7 14.Bd3 Bd7 15.Bxg6 hxg6
16.c5 b6 17.b4 Reb8 18.Rab1 Be8 19.Rb3 b5 20.a4 a6 21.Ra1 Ra7 22.Rba3 Rba8
23.Qa2 Ne4 24.Nxe4 dxe4 25.Nd2 f5 26.f3 Bf7 27.Qb2 e5 28.dxe5 Bd5 29.fxe4 fxe4
30.axb5 axb5 31.Rxa7 Rxa7 32.Rxa7 Qxa7 33.e6 Bxe6 34.Nxe4 Bd5 35.Nd6 Qe7
36.e4 Bc4 37.Qd4 Qg5 38.Qf2 Qe5 39.Qe3 Qa1+ 40.Kh2 Qb2 41.Qe1 Qe5+ 42.Qg3 Qb2
43.Qxg6 Bf1 44.Qf7+  1-0

[Event "58th ch-HUN KO"]
[Site "Nyiregyhaza HUN"]
[Date "2008.09.12"]
[Round "1.1"]
[White "Gyimesi,Z"]
[Black "Kovacs,Ga2"]
[Result "0-1"]
[WhiteElo "2586"]
[BlackElo "2505"]

1.d4 d5 2.c4 e6 3.Nc3 Be7 4.Nf3 Nf6 5.Bf4 O-O 6.e3 Nbd7 7.c5 c6 8.Bd3 b6
9.b4 a5 10.a3 Ba6 11.O-O Qc8 12.Rb1 axb4 13.axb4 Bxd3 14.Qxd3 Qb7 15.h3 Ra3
16.Qc2 Rfa8 17.Rfc1 b5 18.Ne1 h6 19.g4 Bd8 20.f3 Bc7 21.Nd3 Bxf4 22.exf4 Qc7
23.Kg2 Nh7 24.Rb3 R3a7 25.Qd2 Nhf8 26.Qe3 Ng6 27.Rc2 Ndf8 28.Re2 Qd8 29.Rc2 Qf6
30.Ne2 Ra1 31.Nec1 R8a7 32.Rcb2 Ra8 33.Rb1 R1a7 34.Rc3 Ra6 35.Rc2 Ra3 36.Rbb2 Nh4+
37.Kf2 g5 38.Qe5 Qg6 39.Rd2 Rc3 40.Rbc2 Rc4 41.Ra2 Rc8 42.Ne2 Qg7 43.Ra7 Nfg6
44.Qxg7+ Kxg7 45.fxg5 hxg5 46.Kg3 Kg8 47.Rda2 Re8 48.R7a6 e5 49.dxe5 Nxe5
50.Ra8 Nxd3 51.Rxe8+ Kg7 52.Rd2 Nxb4 53.f4 Na6 54.fxg5 Ng6 55.Nd4 Nxc5 56.Nf5+ Kh7
57.Ra2 Ne4+ 58.Kh2 Nxg5 59.h4 Nf3+ 60.Kg3 Nfe5 61.h5 Rxg4+ 62.Kh2 Nf3+ 63.Kh3 Nge5
64.Rg2 Ng5+ 65.Kh2 Nef3+ 66.Kh1 Rf4 67.Nd6 Rh4+  0-1

[Event "I Liga Seniorow"]
[Site "Ustron POL"]
[Date "2008.09.13"]
[Round "8"]
[White "Dobrowolski,P"]
[Black "Dobrowolski,A"]
[Result "1/2-1/2"]
[WhiteElo "2426"]
[BlackElo "2357"]

1.d4 d5 2.c4 e6 3.Nc3 Be7 4.Nf3 Nf6 5.Bf4 O-O 6.e3 Nbd7 7.c5 Nh5 8.Bd3 Nxf4
9.exf4 c6 10.b4 b6 11.O-O bxc5 12.bxc5 Qa5 13.Qd2 Bd8 14.Rab1 Ba6 15.Rb3 Bxd3
16.Qxd3 Bc7 17.g3 Rab8 18.Rfb1 Rxb3 19.axb3 Rb8 20.Ne1 Qb4 21.Nc2 Qb7 22.b4 a6
23.Ra1 Ra8 24.Qe2 Nf8 25.Ra4 Ng6 26.Ne1 Ne7 27.Nf3 Ra7 28.Qd3 g6 29.Ne5 a5
30.b5 Bxe5 31.b6 Bxd4 32.Qxd4 Ra8 33.Qd1 Nf5 34.Qa1 d4 35.Ne4 Qa6 36.Rxd4 Nxd4
37.Qxd4 a4 38.Nf6+ Kf8 39.Nxh7+ Kg8 40.Nf6+ Kf8 41.Ng4 Kg8 42.Nh6+ Kf8 43.Qf6 Qb7
44.Qh8+ Ke7 45.Qg7 Rf8 46.Ng4 Qa6 47.Ne5 Ke8 48.Nxg6 fxg6 49.b7 Qb5 50.Qc7 Qb1+
51.Kg2 Qe4+ 52.f3 Qc2+ 53.Kf1 Qd1+ 54.Kg2 Qc2+ 55.Kf1  1/2-1/2